| 000 | 00724nam 22002053 4500 | ||
|---|---|---|---|
| 001 | 32643 | ||
| 010 | _a92-864-6263-9 | ||
| 090 | _a32643 | ||
| 100 | _a20260326d2004 u||y0engy50 ba | ||
| 101 | _aeng | ||
| 102 | _aLU | ||
| 200 |
_aSynopsis of selected R&D projects in the field of fisheries and aquaculture _eEuropean Commission Community research |
||
| 207 | _aXVI | ||
| 210 |
_cBelgica _d2004 |
||
| 215 |
_a326 p. _d25 cm |
||
| 300 | _aNota: Project synopses | ||
| 606 |
_aPesca _xAquicultura _yB _z2004 |
||
| 606 |
_aAlimentação _xnutrição e saúde controle de doenças infecciosas |
||
| 606 | _xagricultura, pesca e silvicultura | ||
| 710 | _aOffice for Official Publications of the European Communities | ||